Atlas of human anatomy. (Record no. 5927)

000 -LEADER
fixed length control field 01051cam a2200337 a 4500
001 - CONTROL NUMBER
control field 3816488
003 - CONTROL NUMBER IDENTIFIER
control field CaAEU
005 - DATE AND TIME OF LATEST TRANSACTION
control field 20220915103748.0
008 - FIXED-LENGTH DATA ELEMENTS--GENERAL INFORMATION
fixed length control field 031028s2002 enka 001 0 eng d
020 ## - INTERNATIONAL STANDARD BOOK NUMBER
International Standard Book Number 190232840X
035 ## - SYSTEM CONTROL NUMBER
System control number ocm53301014
040 ## - CATALOGING SOURCE
Original cataloging agency IDO
Language of cataloging eng
Transcribing agency ALUPE UNIVERSITY
Modifying agency OCLCQ
-- AOAC
050 #4 - LIBRARY OF CONGRESS CALL NUMBER
Classification number QM25
Item number .A85 2002
082 04 - DEWEY DECIMAL CLASSIFICATION NUMBER
Classification number 612
Item number Atl
090 ## - LOCALLY ASSIGNED LC-TYPE CALL NUMBER (OCLC); LOCAL CALL NUMBER (RLIN)
Classification number (OCLC) (R) ; Classification number, CALL (RLIN) (NR) QM 25 A85 2002
Local cutter number (OCLC) ; Book number/undivided call number, CALL (RLIN) ARDC
090 ## - LOCALLY ASSIGNED LC-TYPE CALL NUMBER (OCLC); LOCAL CALL NUMBER (RLIN)
Classification number (OCLC) (R) ; Classification number, CALL (RLIN) (NR) QM 25 A85 2002
Local cutter number (OCLC) ; Book number/undivided call number, CALL (RLIN) AEU
245 00 - TITLE STATEMENT
Title Atlas of human anatomy.
246 14 - VARYING FORM OF TITLE
Title proper/short title Atlas of anatomy
260 ## - PUBLICATION, DISTRIBUTION, ETC.
Place of publication, distribution, etc. Cobham, Surrey :
Name of publisher, distributor, etc. Taj Books,
Date of publication, distribution, etc. c2002.
300 ## - PHYSICAL DESCRIPTION
Extent 240 p. :
Other physical details col. ill. ;
Dimensions 26 cm.
336 ## - CONTENT TYPE
Content type term text
Content type code txt
Source rdacontent
337 ## - MEDIA TYPE
Media type term unmediated
Media type code n
Source rdamedia
338 ## - CARRIER TYPE
Carrier type term volume
Carrier type code nc
Source rdacarrier
500 ## - GENERAL NOTE
General note Includes index.
583 1# - ACTION NOTE
Action committed to retain
Time/date of action 20170930
Action interval 20421231
Authorization HathiTrust
Uniform Resource Identifier <a href="https://www.hathitrust.org/shared_print_program">https://www.hathitrust.org/shared_print_program</a>
Institution to which field applies AEU
Public note HathiTrust Shared Print commitment 2017
650 #0 - SUBJECT ADDED ENTRY--TOPICAL TERM
Topical term or geographic name entry element Anatomy.
650 #0 - SUBJECT ADDED ENTRY--TOPICAL TERM
Topical term or geographic name entry element Human anatomy.
700 1# - ADDED ENTRY--PERSONAL NAME
Personal name Iazzetti, Giovanni.
700 1# - ADDED ENTRY--PERSONAL NAME
Personal name Rigutti, Enrico.
942 ## - ADDED ENTRY ELEMENTS (KOHA)
Source of classification or shelving scheme
Koha item type Book
Suppress in OPAC MA

No items available.

Powered by Koha